40 Most Popular Baby Names 1926-2025 - Statistics

General Stats
  • This quiz has been taken 81 times
  • The average score is 22 of 40
Answer Stats
Hint Answer % Correct
Boys 1-10 John
88%
Boys 1-10 James
84%
Girls 1-10 Mary
81%
Boys 1-10 William
77%
Girls 1-10 Elizabeth
75%
Boys 1-10 Michael
75%
Boys 1-10 Thomas
72%
Boys 11-20 Paul
71%
Boys 1-10 Robert
68%
Boys 1-10 David
67%
Boys 11-20 Matthew
67%
Girls 11-20 Emily
65%
Boys 11-20 Mark
65%
Girls 1-10 Sarah
65%
Boys 11-20 Andrew
62%
Boys 11-20 Daniel
62%
Boys 1-10 Joseph
62%
Girls 1-10 Susan
61%
Girls 1-10 Jennifer
58%
Boys 1-10 Richard
58%
Boys 1-10 Christopher
54%
Girls 11-20 Lisa
54%
Girls 11-20 Donna
52%
Girls 1-10 Jessica
52%
Girls 11-20 Margaret
52%
Boys 11-20 Steven
52%
Boys 11-20 Charles
51%
Boys 11-20 Joshua
48%
Girls 1-10 Linda
48%
Girls 1-10 Patricia
48%
Girls 1-10 Karen
39%
Girls 11-20 Nancy
39%
Girls 11-20 Michelle
38%
Boys 11-20 Anthony
36%
Girls 11-20 Ashley
35%
Boys 11-20 Donald
33%
Girls 1-10 Barbara
32%
Girls 11-20 Betty
28%
Girls 11-20 Kimberly
22%
Girls 11-20 Sandra
22%
No matching quizzes found
Score Distribution
Percent of People with Each Score
Percentile by Number Answered
Your Score History
You have not taken this quiz